03410 2200361 4500001002100000005001500021035002000036007000300056008004100059020001800100082001000118084001600128245024300144250002000387300002500407600002200432264004300454336002100497337003000518338002300548100002800571520228900599990001602888990001602904990001602920990001602936990001602952990001602968990001602984990001603000990001603016990001603032INLIS00000000000011120260421113956 a0010-0426000110ta260421 e u ind  a9786022083641 a158.1 a158.1 TAN s1 aSeriously own yourself /cTania Milest ; penyunting, Fatwa Aulia Sudrajat ; penyelaras aksara, Tri prasetyo, Aldila Humairah., Desain sampul dan Tata letak, Varseliya recy, Techno., Ilustrator, Varceliya recy., Penerbit, Gradien mediatama aCetakan Pertama a188 halaman ;c19 cm 4aPengembangan diri aYogyakarta :bGradien Mediatama,c2024 2rdacontentaTeks 2rdamediaaTanpa Perantara 2rdacarrieraVolume0 aTania MilestePengarang aCari tahu diri lo, explore diri lo. Sangat penting menyadari energi dominan apa yang selama ini ada di dalam diri lo, karena sebagaimana “Law of Polarity” berlaku di alam semesta, kutub utara hanya akan bertemu dengan kutub selatan, masculine energy hanya akan bertemu dengan feminine energy. Kenali diri lo, identifikasi energi dominan apa yang ada dalam diri lo. Kasih diri lo yang terbaik, prioritasin diri lo. Karena hanya dengan begitu, lo akhirnya bisa mendapatkan apa yang lo pantas dapetin, yaitu yang terbaik. Hanya dengan itu, lo bisa mendapatkan pasangan terbaik, kehidupan terbaik, teman terbaik, dan segala hal yang terbaik, dengan menjadi yang terbaik untuk diri lo terlebih dahulu. Kalau bukan sekarang, kapan lagi? ************* Pernahkah Anda terpikir betapa menariknya dunia yang terbuka lebar lewat lembaran buku? Membaca bukan hanya kegiatan rutin, tetapi juga petualangan tak terbatas ke dalam imajinasi dan pengetahuan. Membaca mengasah pikiran, membuka wawasan, dan memperkaya kosakata. Ini adalah pintu menuju dunia di luar kita yang tak terbatas. Tetapkan waktu khusus untuk membaca setiap hari. Dari membaca sebelum tidur hingga menyempatkan waktu di pagi hari, kebiasaan membaca dapat dibentuk dengan konsistensi. Pilih buku sesuai minat dan level literasi. Mulailah dengan buku yang sesuai dengan keinginan dan kemampuan membaca. Temukan tempat yang tenang dan nyaman untuk membaca. Lampu yang cukup, kursi yang nyaman, dan sedikit musik pelataran bisa menciptakan pengalaman membaca yang lebih baik. Bergabunglah dalam kelompok membaca atau forum literasi. Diskusikan buku yang Anda baca dan dapatkan rekomendasi dari sesama pembaca. Buat catatan atau jurnal tentang buku yang telah Anda baca. Tuliskan pemikiran, kesan, dan pelajaran yang Anda dapatkan. Libatkan keluarga dalam kegiatan membaca. Bacakan cerita untuk anak-anak atau ajak mereka membaca bersama. Ini menciptakan ikatan keluarga yang erat melalui kegiatan positif. Jangan ragu untuk menjelajahi genre baru. Terkadang, kejutan terbaik datang dari buku yang tidak pernah Anda bayangkan akan Anda nikmati. Manfaatkan teknologi dengan membaca buku digital atau bergabung dalam komunitas literasi online. Ini membuka peluang untuk terhubung dengan pembaca dari seluruh dunia. aPC000267/25 aAT000217/25 aSP000211/25 aPT000335/25 aPP000577/25 aRC000687/25 aKC000789/25 aNM001352/25 aTT001567/25 aAP003791/24